000 00595namaa2200181 i 4500
001 123317
003 ES-MaACL
005 20250805053405.0
008 070214s1967 sp 001 0bspa d
100 1 _aQuesnel, Roger.
_994578
245 1 0 _aCarlos de Foucauld
_b: las etapas de una búsqueda /
_cRoger Quesnel ; versión de Antonio Martí Lloret.
260 _aBilbao :
_bMensajero,
_c1967.
300 _a380 p. ;
_c21 cm.
600 0 4 _aCarlos de Foucauld,
_cSanto,
_d1858-1916
_9165663
700 1 _aMartí Lloret, Antonio.
_977222
852 _aES-MaACL
_jC-33486
999 _c123317
_d123317